I'm Just a Man - Statistics

General Stats
  • This quiz has been taken 10 times
  • The average score is 126 of 168
Answer Stats
Hint Answer % Correct
a
100%
all
100%
Close
100%
Ody: … I
100%
I
100%
… I'm
100%
I'm
100%
just
100%
man
100%
me
100%
my
100%
who's
100%
actions
67%
after
67%
And
67%
and
67%
as
67%
away
67%
back
67%
become
67%
blame?
67%
… But
67%
comet
67%
could
67%
days?
67%
Deep
67%
does
67%
down,
67%
endless
67%
Even
67%
Every
67%
eyes
67%
fighting
67%
for
67%
from
67%
go
67%
haunt
67%
he
67%
his
67%
home
67%
How
67%
hurt
67%
into
67%
Is
67%
I've
67%
known
67%
left
67%
life
67%
look
67%
meteor?
67%
mine
67%
monster?
67%
monster?)
67%
of
67%
old
67%
pain
67%
pay,
67%
price
67%
reason
67%
ripple
67%
see
67%
slain
67%
son
67%
spare
67%
the
67%
these
67%
think
67%
tidal
67%
to
67%
trying
67%
view
67%
war
67%
was
67%
wave?
67%
what
67%
when
67%
When
67%
(When
67%
wife
67%
Will
67%
world
67%
would
67%
years
67%
you?
67%
your
67%
You're
67%
yourself
67%
blaze?
33%
candle
33%
… Forgive
33%
Forgive
33%
trade
33%
No matching quizzes found
Score Distribution
Percent of People with Each Score
Percentile by Number Answered
Your Score History
You have not taken this quiz